|
|
|
|
| LEADER |
00000ny a22000003n 4500 |
| 003 |
WaSeSS |
| 005 |
20090305133406.0 |
| 008 |
930722c19839999ve fr m s 0 0spa d |
| 010 |
|
|
|a 96655623
|
| 022 |
|
|
|a 1316-5003
|
| 035 |
|
|
|a 3198
|
| 040 |
|
|
|a TxU
|c TxU
|d vLex
|
| 090 |
|
|
|c 1747
|d 1747
|
| 245 |
3 |
0 |
|a Temas de coyuntura
|h [Recurso electrn̤ico]
|
| 256 |
|
|
|a Servicio en ln̕ea
|
| 260 |
|
|
|a Caracas, Venezuela :
|b Instituto de Investigaciones Econm̤icas y Sociales, UCAB
|
| 310 |
|
|
|a Bimestral
|
| 506 |
1 |
|
|a Contenido solo disponible en los productos indicados
|d vLex Global
|d vLex Global (Academic Edition, excluding Law Schools)
|d vLex Global (Academic Edition, Law Schools)
|
| 651 |
|
4 |
|a Venezuela
|x Condiciones econm̤icas
|x Publicaciones perid̤icas
|
| 651 |
|
4 |
|a Venezuela
|x Condiciones sociales
|x Publicaciones perid̤icas
|
| 710 |
2 |
|
|a Universidad Catl̤ica Andrš Bello.
|b Instituto de Investigaciones Econm̤icas y Sociales
|
| 740 |
0 |
|
|a vLex Revista (Servicios en ln̕ea)
|
| 843 |
|
|
|a Electrn̤ica. Cerrada
|
| 853 |
|
|
|8 1
|i (year)
|j (month)
|k (day)
|
| 856 |
4 |
0 |
|z Acceso restringido
|u http://vlex.com/account/login_ip?fuente_id=3198
|
| 942 |
|
|
|c REV
|
| 999 |
|
0 |
|a Venezuela
|y 1958-
|
| 999 |
|
0 |
|a Venezuela
|y 1958-1999.
|
| 999 |
|
0 |
|a Venezuela
|y 1999-
|